000 00907nam a22002177a 4500
999 _c12035
_d12035
003 AR-CdUCM
008 190405b ||||| |||| 00| 0 spa d
040 _aMUNICIPALIDAD PROVINCIAL DEL CUSCO
_cBIBLIOTECA MUNICIPAL DEL CUSCO
082 _22ed
_a330.2 /
_bT149 / 1945
100 _aTallada, José María
_929690
245 _aEconomía política /
260 _aBarcelona :
_bImprensta clarasó,
_c1945.
300 _a437 páginas ;
_c22 cm.
440 _aBiblioteca del hombre de negocios moderno
_929691
505 _aContenido: Introducción al estudio de la economía política -- La economía, ciencia social -- Los métodos de investigador en economía política -- Historia de las doctrinas económicas...
650 _aCiencias economicas
_97537
650 _aCiencias sociales
_91096
650 _aHistoria de la economía política
_929692
942 _2ddc
_cLIBROS
945 _adavv
_d05/04/2019